Score 0/16 Timer 04:00
4 Plays Today
% Correct
American Civil War
82.8%
Takes place in Paris
79.7%
Film adaptation released in 2010
77.3%
Title character dies
70.9%
Colors
69.3%
Lead character is an alcoholic
68.3%
Events take place in a single day
66.8%
Debut novels
66.1%
% Correct
Alternate histories
65%
Rock star memoirs
57.9%
Unnamed main character
55.3%
Published in 1957
48.9%
Basketball
47.4%
Multiple authors
39.8%
Less than 200 pages
39.6%
Pulitzer winners
38.3%

You're not logged in!

Compare scores with friends on all Sporcle quizzes.
OR
Log In

Sporcle TV

Today on Sporcle TV


Watch our educational content, quiz creation guides, and fun videos on Sporcle TV.

Show Comments

Extras

Top Quizzes Today


Score Distribution

Paid Content

Your Account Isn't Verified!

In order to create a playlist on Sporcle, you need to verify the email address you used during registration. Go to your Sporcle Settings to finish the process.

Report this User

Report this user for behavior that violates our Community Guidelines.

Details: